000 00456nam a2200157 4500
001 114314
003 ES-MaACL
005 20230906190127.0
007 t|
008 061121s1977 sp r ||||1| spa d
100 1 _aPalloix, Christian.
_988601
245 1 3 _aLa cuestión del imperialismo en Lenin y Rosa Luxemburgo /
_cChristian Palloix.
260 _aMadrid :
_bCastellote,
_c1977.
300 _a91 p. ;
_c20 cm.
852 _aES-MaACL
_jA-8084
_bR.96902
999 _c114314
_d114314